| 000 | 00532nam a2200181Ia 4500 | ||
|---|---|---|---|
| 008 | 140529s9999 xx 000 0 und d | ||
| 020 | _a9789712349935 | ||
| 050 |
_aHF 5681.T3 _b.C652 2008 |
||
| 100 | _aCo Untian, Crescencio P. | ||
| 245 |
_aTax accounting digest / _cCrescencio P. Co Untian |
||
| 250 | _a1st ed. | ||
| 260 |
_aManila, Philippines : _bRex Book Store, Inc., _cc2008. |
||
| 300 |
_a408 p. ; _c23 cm. |
||
| 500 | _aIncludes bibliographical references. | ||
| 521 | _aBSBA | ||
| 942 |
_kLOC _cBK |
||
| 999 |
_c117703 _d117703 |
||